| 000 | 00600nam a2200169 4500 | ||
|---|---|---|---|
| 999 |
_c14883 _d14883 |
||
| 008 | 200130b ||||| |||| 00| 0 eng d | ||
| 020 | _a978-971-07-4212-7 | ||
| 082 |
_22018 _aDFil 671.5 _bIb1 |
||
| 100 |
_aIbardaloza, Joveno A. _941331 |
||
| 245 |
_aShielded metal arc welding/ _cJoveno A. Ibardaloza; Gene T. Pangilinan, editor. |
||
| 260 |
_aQuezon City : _bVibal Group, _c©2018. |
||
| 300 |
_aiii, 120 pages: _billustrations; _c27 cm. |
||
| 500 | _aIncludes glossary, index and bibliography. | ||
| 650 |
_aWelding. _941332 |
||
| 700 |
_aPangilinan, Gene T. _eEditor _941333 |
||
| 942 |
_2ddc _cDFIL |
||